Problemy integracji gospodarczej w branzy

Na minha lista:
Detalhes bibliográficos
Formato: Livro
Idioma:polonês
Publicado em: Lódz Uniwersytet 1982
Edição:1. wyd.
Colecção:Acta Universitatis Lodziensis 18
Tags: Adicionar Tag
Sem tags, seja o primeiro a adicionar uma tag!

MARC

LEADER 00000nam a2200000 4500
001 c025683
005 20221220095926.6
041 0 |a pol 
044 |a PL 
245 1 0 |a Problemy integracji gospodarczej w branzy 
250 |a 1. wyd. 
264 1 |a Lódz  |b Uniwersytet  |c 1982 
300 |a 108 s. 
490 1 |a Acta Universitatis Lodziensis  |v 18 
830 0 |a Acta Universitatis Lodziensis  |v 18